000 00462nam a2200145Ia 4500
008 211109s9999||||xx |||||||||||||| ||und||
082 _a894.8123
_bMUK-E
100 _aMukundhan, M
245 0 _aEazhamathe Poove
260 _bKamalalya Printing Works
_aThiruvananthapuram
_c1978
300 _a96p.
630 _xGENERAL STACK
650 _aMalayalam Literature
_valtaic,uralic,hyperborean and dravidian
_xMalayalam Fictionmalayalam novelGeneralia
942 _cBOOK
999 _c74368
_d74368